İsrail yurttaşı Filistinliler (Record no. 9749)

MARC details
000 -BAŞLIK
Sabit Uzunlukta Kontrol Alanı 01018na a2200301 4500
001 - KONTROL NUMARASI
Denetim Alanı 14596
003 - KONTROL NUMARASI IDENTIFIER
Denetim Alanı MIRAKIL
005 - SON İŞLEM TARİHİ VE ZAMANI
Denetim Alanı 20181213155255.0
008 - SABİT-BOY VERİ ELEMANLARI - GENEL BİLGİLER
Sabit Uzunlukta Kontrol Alanı 161031b tu 000 0
020 ## - ULUSLARARASI STANDART KİTAP NUMARASI
Uluslararası Standart Kitap Numarası 9786053993322
035 ## - SİSTEM KONTROL NUMARASI
Sistem Kontrol Numarası 14596
040 ## - KATALOGLAMA KAYNAK
Orijinal Kataloglama Ajansı Milas
Kataloglama Dili tur
Metne Dönüştürmek Ajansı TR-AnCHP
041 ## - DİL KODU
Metin / Ses Parça Veya Ayrı Başlığın Dil Kodu tur
082 ## - DEWEY ONLU SINIFLANDIRMA NUMARASI
Sınıflandırma Numarası 323.11927405694
Ürün Numarası K34i 2014
090 ## - SINIFLAMA NUMARASI
Sınıflama Numarası 323.11927405694 K34i 2014
100 ## - ANA GİRİŞ - KİŞİSEL İSİM
Kişisel Ad Keleşoğlu, Erhan
245 ## - BAŞLIK TABLOSU
Başlık İsrail yurttaşı Filistinliler
Başlığın Kalan yurttaşlık, kimlik, siyaset
Sorumluluk Tablosu, Vb Erhan Keleşoğlu
246 ## - UNVAN FORM VARYING
Başlık Doğru / Kısa Başlığı Yurttaşlık, kimlik, siyaset
260 ## - YAYIN, DAĞITIM, VB
Yayın, Dağıtım, Vb Yeri İstanbul
Yayıncı, Dağıtıcı, Vs Adı İstanbul Bilgi Üniversitesi Yayınları
Yayın, Dağıtım, Vb Tarihi 2014
300 ## - FİZİKSEL TANIM
Kapsam xv. 238 s.
Diğer Fiziksel Ayrıntıları tbl. , hrt. , fotğ.
Boyutlar 24 sm.
490 ## - SERİSİ TABLOSU
Seri Beyanı İstanbul Bilgi Üniversitesi yayınları
Hacim / Ardışık Tanımı 459
490 ## - SERİSİ TABLOSU
Seri Beyanı Tarih
Hacim / Ardışık Tanımı 48
504 ## - KAYNAKÇA VB NOT
Kaynakça Vb Notu Kaynakça ve dizin var.
650 ## - KONU KATMA GİRİŞ - TOPİKAL DÖNEM
Topikal Süreli Veya Coğrafi Ad Giriş Elemanı Filistin Arapları
Genel Alt Bölümü Yurttaşlık hakları
Coğrafi Alt Bölümü İsrail
650 ## - KONU KATMA GİRİŞ - TOPİKAL DÖNEM
Topikal Süreli Veya Coğrafi Ad Giriş Elemanı Filistinliler
Genel Alt Bölümü Hukuksal durum
Coğrafi Alt Bölümü İsrail
651 ## - KONU KATMA GİRİŞ - COĞRAFİ ADI
Coğrafi İsim İsrail
Genel Alt Bölümü Etnik ilişkiler
Kronolojik Alt Bölümü Siyaset ve yönetim
942 ## - EKLENDİ GİRİŞ ELEMANLARI (KOHA)
Sınıflandırma Veya Raf Düzeni Kaynak Dewey Decimal Classification
Koha Öğesi Türü Books
999 ## - SİSTEM KONTROL NUMARALARI (KOHA)
Koha Biblionumber 9749
Koha Biblioitemnumber 9749
Holdings
Kalıcı Konum Mevcut Konum Edinme Tarihi Edinim Kaynak Toplam Check-Out'Lar Tam Çağrı Numarası Barkod Tarih Son Görülme İtibaren Geçerli Fiyatlar Koha Öğesi Türü
CHP Kütüphanesi CHP Kütüphanesi 08/29/2016 Bağış   323.11927405694 K34i 2014 001442 08/29/2016 08/29/2016 Books